Szóste Miejsce w każdych Wyborach Prezydenckich - Statystyki

Ogólne statystyki
  • Ten quiz został rozwiązany 7 razy
  • Średni wynik to 5 z 8
Statystyki odpowiedzi
Wybory Kandydat Poparcie (%) % Poprawnych
2000 Janusz Korwin-Mikke 1,43 %
100%
2005 Janusz Korwin-Mikke 1,43 %
100%
2025 Adrian Zandberg 4,86 %
80%
2020 Robert Biedroń 2,22 %
60%
1990 Leszek Moczulski 2,5 %
40%
1995 Tadeusz Zieliński 2,53 %
40%
2015 Adam Jarubas 1,60 %
20%
2010 Andrzej Olechowski 1,44 %
20%
Nie znaleziono quizów pasujących do podanych kryteriów
Rozkład punktacji
Procent ludzi z każdym wynikiem
Percentyl według liczby udzielonych odpowiedzi
Twoja historia wyników
Nie rozwiązałeś tego quizu